00321nam a2200121Ia 4500008004100000041001200041082002900053100002000082245003100102260004100133300001500174650001000189231217s9999 xx 000 0 und d aEnglish a001.6424LIN SOB;2 `R1' aSobell, Mark G. 2aA practical guide to Linux c1997bNew Delhi : Pearson Education, axlvii+1015 aLinux